Stavební činnost a životní prostředí

Na minha lista:
Detalhes bibliográficos
Formato: Livro
Idioma:tcheco
Publicado em: Praha Stát. nakl. techn. lit. 1987
Edição:1. vyd.
Colecção:Ochrana životního prostředí
Tags: Adicionar Tag
Sem tags, seja o primeiro a adicionar uma tag!

MARC

LEADER 00000nam a2200000 4500
001 c022887
005 20250204094241.2
041 0 |a cze 
044 |a CZ 
245 1 0 |a Stavební činnost a životní prostředí  |c Jaroslav Bezděk, Pavel Svozil 
250 |a 1. vyd. 
264 1 |a Praha  |b Stát. nakl. techn. lit.  |c 1987 
300 |a 167 s. 
490 1 |a Ochrana životního prostředí 
830 0 |a Ochrana životního prostředí